Died in Their 60s - Sudden Death - Statistics

General Stats
  • This quiz has been taken 24 times
  • The average score is 3 of 15
Answers on the Grid
Answers color-coded by a green-red scale on the quiz's grid according to % correct below.
Alan Rickman
Bobby Fischer
Friedrich Nietzsche
Miguel de Cervantes
Ernest Hemingway
Martin Luther
Idi Amin
Johan Cruyff
David Bowie
Marcus Aurelius
Franklin D. Roosevelt
Jesse Owens
Sean Connery
John Wayne
Charles Darwin
Leonardo da Vinci
Sigmund Freud
Erasmus
Johnny Cash
Orson Welles
Rembrandt
Steve Jobs
Ivan the Terrible
Albert Einstein
Hugo Chávez
Alexander Fleming
Marie Curie
Stanley Kubrick
Carl Sagan
Karl Marx
 
Answer Stats
Answer % Correct
Alan Rickman
61%
David Bowie
50%
Ernest Hemingway
33%
Bobby Fischer
28%
Martin Luther
22%
Carl Sagan
17%
Franklin D. Roosevelt
17%
Karl Marx
17%
Jesse Owens
11%
Johan Cruyff
11%
Miguel de Cervantes
11%
Leonardo da Vinci
6%
Marie Curie
6%
Erasmus
0%
Rembrandt
0%
No matching quizzes found
Score Distribution
Percent of People with Each Score
Percentile by Number Answered
Your Score History
You have not taken this quiz